• 首页
  • 本馆介绍
  • 公告通知
  • 最新文献
  • 馆藏检索
  • 电子资源
  • 读者导购
  • 参考咨询
  • 我的图书馆
  • 登录
  • 详细信息显示
  • 放入我的书架
  • 预约/预借图书
  • 作者相关作品
  • 分类相关作品
  • 丛书相关作品
  • 出版社相关作品

书目信息

  • 表格格式
  • 工作单格式
  • 卡片格式
题名:
精编5套题预演标准化考场
    
 
作者: 姚裕群 , 钱俊生 主编
分册:  
出版信息: 北京   中国人民大学出版社  2007
页数: 199页
开本: 26cm
丛书名:
单 册:
中图分类: D630.3-44
科图分类:
主题词: 行政管理--能力倾向测验--中国--考核--试题 , 行政管理 , 能力倾向测验
电子资源:
ISBN: 978-7-300-08506-7
000 01051nam0 2200301 450
001 003648202
005 20080225110818.67
010    @a978-7-300-08506-7@dCNY21.00
035    @a003648202
100    @a20070327d2007 em y0chiy0110 ea
101 0  @achi
102    @aCN@b110000
105    @ay q 000yy
106    @ar
200 1  @a精编5套题预演标准化考场@Ajing bian 5 tao ti yu yan biao zhun hua kao chang@e行政职业能力测验@f姚裕群,钱俊生主编
210    @a北京@c中国人民大学出版社@d2007
215    @a199页@d26cm
300    @a2008年公务员录用考试精编教材
330    @a本书针对公务员录用考试时间紧、做题速度要快的考试特点,精心编写套题,并给出详细解析,让考生进行考前大练兵。
517 1  @a行政职业能力测验@Axing zheng zhi ye neng li ce yan
606 0  @a行政管理@x能力倾向测验@y中国@x考核@x试题
606 0  @a行政管理
606 0  @a能力倾向测验
690    @aD630.3-44@v4
701  0 @a姚裕群@Ayao yu qun@f(1951~)@4主编
701  0 @a钱俊生@Aqian jun sheng@c(党校教授)@4主编
801  0 @aCN@bNLC@c20080225
905    @dD630.3-44@e135@f10
    
    精编5套题预演标准化考场:行政职业能力测验/姚裕群,钱俊生主编.-北京:中国人民大学出版社,2007
    199页;26cm
    2008年公务员录用考试精编教材
    
    ISBN 978-7-300-08506-7:CNY21.00
    本书针对公务员录用考试时间紧、做题速度要快的考试特点,精心编写套题,并给出详细解析,让考生进行考前大练兵。
●
相关链接 在E读中查询图书 在五车中查询图书 在当当中查询图书 在豆瓣中查询图书


正题名:精编5套题预演标准化考场     索取号:D630.3-44/135         预约/预借

序号 登录号 条形码 馆藏地/架位号 状态 备注
1 0619957   206199576   第一样本阅览室/ [索取号:D630.3-44/135] 在馆    
2 0619958   206199585   第一借阅区/ [索取号:D630.3-44/135] 在馆    
3 0619959   206199594   第一借阅区/ [索取号:D630.3-44/135] 在馆    
4 0619960   206199601   第一借阅区/ [索取号:D630.3-44/135] 在馆    
5 0619961   206199610   第一借阅区/ [索取号:D630.3-44/135] 在馆    
6 0619962   206199629   第一借阅区/ [索取号:D630.3-44/135] 在馆    
7 0619963   206199638   第一借阅区/ [索取号:D630.3-44/135] 在馆    
8 0619964   206199647   第一借阅区/ [索取号:D630.3-44/135] 在馆    
9 0619965   206199656   第一借阅区/ [索取号:D630.3-44/135] 在馆    
10 0619966   206199665   第一借阅区/ [索取号:D630.3-44/135] 在馆    
唐山师范学院图书馆 欢迎您!
大连网信软件有限公司© 版权所有